000 00586nam a22001697a 4500
005 20251108164106.0
008 250721s1993 xx 000 0 ara d
082 1 4 _a347.9962/أنو
100 1 _aالعمروسي، أنور
245 1 0 _aالصيغ القضائية الحديثة في الدعاوى و الطعون و الأحكام /
264 1 _aالإسكندريه :
_bالمكتبه القانونيه لدار المطبوعات الجامعيه،
_c1993.
300 _aج
650 1 7 _aالقانون المدني
650 1 7 _aمصر
942 _2ddc
_cBK
999 _c3411
_d3411